000 01584nam a2200481 i 4500
001 49971
003 KOSZ 005
005 20200212134910.0
008 011026s2001 pl a f f |000 0 pol
015 _aPB 2002/4046
020 _a8370855903
035 _a991017786189705066
035 _a(PL-WaBN)b14813312-48omnis_nlop
035 _ab14813312
035 _a(OCoLC)750096292
035 _a(PL)b0000001481331
035 _a(EXLNZ-48OMNIS_NETWORK)9910263216705606
040 _aWA N
_cWA N
_dKOSZ 005/HR
046 _k2001-
080 _a004.31
080 _a004.421
080 _a(075.8)
100 1 _aBiernat, Janusz
_d(1950- )
_eAutor
245 1 0 _aMetody i układy arytmetyki komputerowej /
_cJanusz Biernat.
260 _aWrocław :
_bOficyna Wydawnicza Politechniki Wrocławskiej,
_c2001.
300 _a169 s. :
_bil. ;
_c24 cm.
336 _2rdacontent
_aTekst
_btxt
337 _2rdamedia
_aBez urządzenia pośrediczącego
_bn
338 _2rdacarrier
_aWolumin
_bnc
380 _aKsiążki
380 _aPublikacje dydaktyczne
385 _mPoziom nauczania
_aSzkoły wyższe
388 _a2001-
504 _aBibliogr.
650 7 _aAlgorytmy
_2DBN
650 7 _aUkład cyfrowy
_2DBN
655 7 _aPodręczniki akademickie
_2DBN
658 _aInformatyka i technologie informacyjne
710 2 _aOficyna Wydawnicza Politechniki Wrocławskiej
_4pbl
856 _uhttp://koha.tu.koszalin.pl/cgi-bin/koha/opac-detail.pl?biblionumber=46971
_yKatalog online BPK
942 _2UKD
_cKS
999 _c46971
_d46971